OPAC Home

Report of the sub regional traing seminar for the implentation of the basel convention on the control of transboundary movements of Hazardous wastes and their disposal 15-19 March 1999 Colombo, Sri lanka (Record no. 19006)

MARC details
000 -LEADER
fixed length control field 00520nam a2200145Ia 4500
008 - FIXED-LENGTH DATA ELEMENTS--GENERAL INFORMATION
fixed length control field 180921t2000 xxu||||| |||| 00| 0 eng d
041 ## - LANGUAGE CODE
Language code of text/sound track or separate title English
080 ## - UNIVERSAL DECIMAL CLASSIFICATION NUMBER
Universal Decimal Classification number 628.39 SRI L
Item number NKA
942 ## - ADDED ENTRY ELEMENTS (KOHA)
Koha item type Books
003 - CONTROL NUMBER IDENTIFIER
control field LK-CoDNM
040 ## - CATALOGING SOURCE
Original cataloging agency LK-CoDNM
Modifying agency LK-CoDNM
Description conventions LK-CoDNM
245 ## - TITLE STATEMENT
Title Report of the sub regional traing seminar for the implentation of the basel convention on the control of transboundary movements of Hazardous wastes and their disposal 15-19 March 1999 Colombo, Sri lanka
260 ## - PUBLICATION, DISTRIBUTION, ETC. (IMPRINT)
Name of publisher, distributor, etc.
Date of publication, distribution, etc. 2000
300 ## - PHYSICAL DESCRIPTION
Extent 200p., 27 cm
Holdings
Withdrawn status Lost status Damaged status Not for loan Collection code Permanent Location Current Location Date acquired Full call number Barcode Koha item type
        Science Library National Museum Colombo - Sri Lanka Library National Museum Colombo - Sri Lanka 2023-06-11 628.39 SRI LANKA 139306 Books
Copyright © 2023 Department of National Museum, Colombo 07, Sri Lanka Funded by UNESCO IFAP UNESCO